| 000 | 00359nam a2200145Ia 4500 | ||
|---|---|---|---|
| 008 | 230312s9999||||xx |||||||||||||| ||und|| | ||
| 020 | _a978-1259006197 | ||
| 082 |
_a621.43 _bGAN-I |
||
| 100 | _aGanesan;V | ||
| 245 | 0 | _aInternal Combustion Engines | |
| 260 |
_bMcGraw Hill _aIndia _c2012 |
||
| 300 | _a728 | ||
| 650 |
_aEngineering _vMechanical |
||
| 942 | _cBK | ||
| 999 |
_c14047 _d14047 |
||